| 000 | 00948nam a2200277 a 4500 | ||
|---|---|---|---|
| 001 | BRL_906 | ||
| 005 | 20190320210940.0 | ||
| 008 | 231013s1990----mx-ab#####---#000-0#eng-# | ||
| 020 | _a9687074213 | ||
| 041 | _aeng | ||
| 044 | _amx | ||
| 050 | 4 |
_aF1219.1.O11 _b.W56 1990 |
|
| 100 | 1 |
_aWinter, Marcus _925283 |
|
| 245 | 1 | 0 |
_aOaxaca, the archaeological record _cby Marcus Winter ; drawings by Alberto Beltrán. |
| 260 |
_aMéxico, D.F. _bMinutiae Mexicana _c1990 |
||
| 300 |
_a127 p. _bil., mapas _c20 cm. |
||
| 440 | 0 |
_aMinutiae Mexicana Series _pIndian peoples of Mexico series _924331 |
|
| 500 | _aAu1039 | ||
| 650 | 1 | 4 |
_aIndígenas de México _xAntigüedades _zOaxaca (México) _925284 |
| 650 | 1 | 4 |
_aIndígenas de México _xHistoria _zOaxaca (México) _925285 |
| 651 | 4 |
_aOaxaca (México) _xAntigüedades _923825 |
|
| 651 | 4 |
_aOaxaca (México) _xArqueología _923826 |
|
| 700 | 1 |
_aBeltrán, Alberto _eil. _99572 |
|
| 902 | _aGRL | ||
| 942 |
_2lcc _cB |
||
| 999 |
_c9718 _d9718 |
||